Từ ấy Gồm các tập thơ: Máu lửa - Xiềng xích - Giải phóng
שמור ב:
| מחבר ראשי: | |
|---|---|
| פורמט: | ספר |
| שפה: | Undetermined |
| יצא לאור: |
Hà Nội
Văn học
1971
|
| נושאים: | |
| תגים: |
הוספת תג
אין תגיות, היה/י הראשונ/ה לתייג את הרשומה!
|
| Thư viện lưu trữ: | Trung tâm Học liệu Trường Đại học Cần Thơ |
|---|
| LEADER | 00596nam a2200181Ia 4500 | ||
|---|---|---|---|
| 001 | CTU_46495 | ||
| 008 | 210402s9999 xx 000 0 und d | ||
| 082 | |a 895.922133 | ||
| 082 | |b T450t | ||
| 100 | |a Tố Hữu | ||
| 245 | 0 | |a Từ ấy | |
| 245 | 0 | |b Gồm các tập thơ: Máu lửa - Xiềng xích - Giải phóng | |
| 245 | 0 | |c Tố Hữu; Biên soạn: Đặng Thai Mai | |
| 260 | |a Hà Nội | ||
| 260 | |b Văn học | ||
| 260 | |c 1971 | ||
| 650 | |a vietnamese poetry - 20th century - collections | ||
| 980 | |a Trung tâm Học liệu Trường Đại học Cần Thơ | ||